| 000 | 00575nam a22001457a 4500 | ||
|---|---|---|---|
| 020 | _a978-0-330-41335-0 | ||
| 082 |
_a823 _bARC/5 |
||
| 100 | _aARCHER, JEFFREY | ||
| 245 | _aSONS OF FORTUNE | ||
| 260 |
_aLONDON _bPAN BOOKS _c2003 |
||
| 300 | _a596 | ||
| 520 | _aIn late 1940s in Hartford, Connecticut a set of twins who are separated at birth by a millionaire couple's nurse, after the millionaire couple's child - born the same day - dies of cot death in the hospital and she secretly switches Peter for the dead Fletcher Davenport. | ||
| 650 |
_aNOVEL _zLONDON |
||
| 942 | _cBK | ||
| 999 |
_c2294 _d2294 |
||